000 00538nam a22001937a 4500
003 SISC
005 20170529134756.0
008 170529b xxu||||| |||| 00| 0 eng d
020 _a9789814624657
050 _aQA 184
_b.L334 2014
100 _aLarson, Ron.
245 _aElementary linear algebra /
_cRon Larson.
250 _a7th edition.
260 _aSingapore :
_bCengage Learning,
_c2014.
300 _axiv, 390 pages :
_billustrations ;
_c23 cm.
500 _aIncludes index.
650 _aAlgebras, Linear.
942 _2lcc
_cBK
999 _c335182
_d335182